Inventarizácia majetku, záväzkov a vlastného imania v účtovníctve podnikateľov bakalárska práca

Enregistré dans:
Détails bibliographiques
Auteur principal: Genčíková, Lenka
Collectivité auteur: Fakulta hospodárskej informatiky EU. Katedra účtovníctva a audítorstva
Autres auteurs: Sklenka, Miloš
Format: Livre
Langue:slovaque
Publié: Bratislava 2017
Tags: Ajouter un tag
Pas de tags, Soyez le premier à ajouter un tag!

MARC

LEADER 00000nbm a2200000 4500
001 0233194
005 20180412134157.6
041 0 |a slo 
044 |a SK 
245 1 0 |a Inventarizácia majetku, záväzkov a vlastného imania v účtovníctve podnikateľov  |b bakalárska práca  |c Lenka Genčíková ; školiteľ: Miloš Sklenka 
264 1 |a Bratislava  |c 2017 
300 |a 49 s. 
100 1 |a Genčíková, Lenka 
700 1 |a Sklenka, Miloš 
710 2 |a Fakulta hospodárskej informatiky EU. Katedra účtovníctva a audítorstva